000 00373nam a2200157 i 4500
001 bg
100 1 _aADLER, S.
245 0 _aAlgebry tokov i ich primenenie v fizike castic /
_cS. Adler, R. Dasen.
260 _aMoskva,
_c1970.
700 1 _aDASEN, R.
040 _cBPK
041 _apol
080 _a539.1
942 _cKS
008 s pl f |000 0 pol
999 _c13498
_d13498
856 _uhttp://koha.tu.koszalin.pl/cgi-bin/koha/opac-detail.pl?biblionumber=13498
_yKatalog online BPK